Cooperativas y Precooperativas de Trabajo Asociado / (Registro nro. 7821)
[ vista simple ]
| 000 -LEADER | |
|---|---|
| fixed length control field | 01463nam a2200241Ia 4500 |
| 003 - CONTROL NUMBER IDENTIFIER | |
| control field | OSt |
| 005 - DATE AND TIME OF LATEST TRANSACTION | |
| control field | 20210430211259.0 |
| 008 - FIXED-LENGTH DATA ELEMENTS--GENERAL INFORMATION | |
| fixed length control field | 210310q2010 ck gr 000 0 spa d |
| 040 ## - CATALOGING SOURCE | |
| Original cataloging agency | CO-JMCR |
| Transcribing agency | CO-JMCR |
| 041 0# - LANGUAGE CODE | |
| Language code of text/sound track or separate title | spa |
| 082 04 - DEWEY DECIMAL CLASSIFICATION NUMBER | |
| Classification number | 334.7 / |
| Item number | C718c |
| Edition number | 23 |
| 110 1# - MAIN ENTRY--CORPORATE NAME | |
| Corporate name or jurisdiction name as entry element | Colombia. |
| Subordinate unit | Ministerio de la Protección Social |
| 9 (RLIN) | 36127 |
| 245 10 - TITLE STATEMENT | |
| Title | Cooperativas y Precooperativas de Trabajo Asociado / |
| Statement of responsibility, etc. | Ministerio de la Protección Social |
| 250 ## - EDITION STATEMENT | |
| Edition statement | 2a. edición |
| 260 ## - PUBLICATION, DISTRIBUTION, ETC. | |
| Place of publication, distribution, etc. | Bogotá : |
| Name of publisher, distributor, etc. | Ministerio de la Protección Social, |
| Date of publication, distribution, etc. | [2010] |
| 300 ## - PHYSICAL DESCRIPTION | |
| Extent | 242 páginas ; |
| Dimensions | 23 cm. |
| 505 0# - FORMATTED CONTENTS NOTE | |
| Formatted contents note | Aspectos generales -- Marco legal y jurisprudencial -- Formato y guía para la constitución de cooperativas de trabajo asociado |
| 520 3# - SUMMARY, ETC. | |
| Summary, etc. | El Ministerio de la Protección Social, a través de la Dirección General de la Promoción del Trabajo, elaboró la 2° edición de la cartilla " Cooperativas y Precooperativas de Trabajo Asociado", de la cual se espera que contribuya tanto al conocimiento de la normativa por parte de las organizaciones del sector solidario, usuarios del servicio, asociados, desempleados y público en general, como al mejoramiento de la calidad de vida de los colombianos y a la sensibilización de los diferentes actores relacionados con el tema. |
| 650 14 - SUBJECT ADDED ENTRY--TOPICAL TERM | |
| Topical term or geographic name entry element | Cooperativas de trabajo asociado |
| 9 (RLIN) | 15551 |
| Geographic subdivision | Colombia |
| 650 24 - SUBJECT ADDED ENTRY--TOPICAL TERM | |
| Topical term or geographic name entry element | Derecho cooperativo |
| Geographic subdivision | Colombia |
| 9 (RLIN) | 37323 |
| 650 24 - SUBJECT ADDED ENTRY--TOPICAL TERM | |
| Topical term or geographic name entry element | Legislación sobre cooperativas |
| Geographic subdivision | Colombia |
| 9 (RLIN) | 8798 |
| 942 ## - ADDED ENTRY ELEMENTS (KOHA) | |
| Source of classification or shelving scheme | Dewey Decimal Classification |
| Koha item type | Books |
| Withdrawn status | Lost status | Source of classification or shelving scheme | Damaged status | Not for loan | Collection code | Home library | Current library | Date acquired | Source of acquisition | Total Checkouts | Total Renewals | Full call number | Barcode | Date last seen | Date last checked out | Copy number | Koha item type |
|---|---|---|---|---|---|---|---|---|---|---|---|---|---|---|---|---|---|
| Dewey Decimal Classification | Non-fiction | Biblioteca Pública José María del Castillo y Rada | Biblioteca Pública José María del Castillo y Rada | 04/15/2018 | Donación | 1 | 2 | 334.7 / C718c | 430003744 | 05/16/2024 | 09/01/2022 | Ej.1 | Books |